|
|
|
|
| LEADER |
00716nta a2200169 i 4500 |
| 001 |
dipl50233 |
| 005 |
20150414100712.0 |
| 008 |
150414s2013 hu om 0|| zxx d |
| 040 |
|
|
|a SZTE Diploma Repozitórium
|b hun
|
| 041 |
|
|
|a zxx
|
| 100 |
1 |
|
|a Varga Tamás
|
| 245 |
1 |
0 |
|a Webes felület készítése vékonyító algoritmusok kvantitatív összehasonlításához
|h [elektronikus dokumentum] /
|c Tamás Varga
|
| 246 |
1 |
0 |
|a Making of a web surface for compare of quantitative thinning algorithms
|h [elektronikus dokumentum]
|
| 260 |
|
|
|c 2013
|
| 650 |
|
4 |
|a Természettudományok
|
| 700 |
1 |
|
|a Németh Gábor
|e ths
|
| 856 |
4 |
0 |
|u http://diploma.bibl.u-szeged.hu/id/eprint/50233/1/2012_Varga_Tam%C3%A1s_VATQAAT_SZE_SZ.pdf
|z Dokumentum-elérés
|